000 00620nam a2200217Ii 4500
003 JO-AjNU
008 230606s9999||||xx |||||||||||||| ||und||
020 _a978-0230-63260-8
040 _aJO-AjNU
_beng
_erda
_cJO-AjNU
041 _aeng
050 1 4 _aKNT598.2.2006
100 3 _aMacmillan ,
_eauthor
_91340
245 0 0 _aLaws Of Co- Operative Banking
250 _a(d،ed)
264 3 1 _aINDIAN INSTITUTE OF BANKING and FINANCE ،2006
300 _a302P
336 _atext
_btxt
_2rdacontent
337 _aunmediated
_bn
_2rdamedia
338 _avolume
_bnc
_2rdacarrier
650 4 _aLaws -- Operative Banking
_91341
999 _aE707
_c707
_d707